Wśród ludu Zambii / (Record no. 129108)
[ view plain ]
| 000 -LEADER | |
|---|---|
| fixed length control field | 01211nam a2200313 a 4500 |
| 001 - CONTROL NUMBER | |
| control field | 3744308 |
| 003 - CONTROL NUMBER IDENTIFIER | |
| control field | ARRUPE |
| 005 - DATE AND TIME OF LATEST TRANSACTION | |
| control field | 20190305094914.0 |
| 008 - FIXED-LENGTH DATA ELEMENTS--GENERAL INFORMATION | |
| fixed length control field | 881107s1977 pl ac b 001 0 pol |
| 010 ## - LIBRARY OF CONGRESS CONTROL NUMBER | |
| LC control number | 81210680 |
| 040 ## - CATALOGING SOURCE | |
| Original cataloging agency | DLC |
| Transcribing agency | DLC |
| Modifying agency | DLC |
| 041 0# - LANGUAGE CODE | |
| Language code of text/sound track or separate title | pol |
| Language code of summary or abstract/overprinted title or subtitle | eng |
| 043 ## - GEOGRAPHIC AREA CODE | |
| Geographic area code | f-za--- |
| -- | e-pl--- |
| 050 00 - LIBRARY OF CONGRESS CALL NUMBER | |
| Classification number | BV3747.Z3 |
| Item number | G895 1977 |
| 300 ## - PHYSICAL DESCRIPTION | |
| Other physical details | ill., ports. ; |
| Dimensions | 24 cm. |
| 100 1# - MAIN ENTRY--PERSONAL NAME | |
| Personal name | Grzebień, Ludwik. |
| 9 (RLIN) | 44933 |
| 245 10 - TITLE STATEMENT | |
| Title | Wśród ludu Zambii / |
| Statement of responsibility, etc | Ludwik Grzebień. |
| 250 ## - EDITION STATEMENT | |
| Edition statement | Wyd. 1. |
| 260 ## - PUBLICATION, DISTRIBUTION, ETC. (IMPRINT) | |
| Place of publication, distribution, etc | Kraków : |
| Name of publisher, distributor, etc | Wydawn. Apostolstwa Modlitwy, |
| Date of publication, distribution, etc | 1977. |
| 300 ## - PHYSICAL DESCRIPTION | |
| Extent | 2 v. : |
| 500 ## - GENERAL NOTE | |
| General note | Vol. 2 has summary in English. |
| 500 ## - GENERAL NOTE | |
| General note | Includes indexes. |
| 504 ## - BIBLIOGRAPHY, ETC. NOTE | |
| Bibliography, etc | Bibliography: v. 1, p. 365-370. |
| 505 0# - FORMATTED CONTENTS NOTE | |
| Formatted contents note | 1. Pionierski trud misjonarzy słowianskich, 1881-1969 / Ludwik Grzebień -- 2. Listy z misyjnego frontu / Adam Kozłowiecki. |
| 610 20 - SUBJECT ADDED ENTRY--CORPORATE NAME | |
| Corporate name or jurisdiction name as entry element | Catholic Church |
| General subdivision | Missions |
| Geographic subdivision | Zambia |
| General subdivision | History. |
| 9 (RLIN) | 44934 |
| 650 #0 - SUBJECT ADDED ENTRY--TOPICAL TERM | |
| Topical term or geographic name as entry element | Jesuits in Zambia |
| General subdivision | History. |
| 9 (RLIN) | 11147 |
| 700 12 - ADDED ENTRY--PERSONAL NAME | |
| Personal name | Grzebień, Ludwik. |
| Title of a work | Pionierski trud misjonarzy słowiańskich, 1881-1969. |
| Date of a work | 1977. |
| 9 (RLIN) | 44935 |
| 700 12 - ADDED ENTRY--PERSONAL NAME | |
| Personal name | Kozłowiecki, Adam. |
| Title of a work | Listy z misyjnego frontu. |
| Date of a work | 1977. |
| 9 (RLIN) | 44936 |
| 906 ## - LOCAL DATA ELEMENT F, LDF (RLIN) | |
| a | 7 |
| b | cbc |
| c | orignew |
| d | 4 |
| e | ncip |
| f | 19 |
| g | y-gencatlg |
| 942 ## - ADDED ENTRY ELEMENTS (KOHA) | |
| Source of classification or shelving scheme | Library of Congress Classification |
| Koha item type | Monograph ( Printed materials) |
| Withdrawn status | Lost status | Source of classification or shelving scheme | Damaged status | Not for loan | Collection code | Home library | Current library | Shelving location | Date acquired | Total Checkouts | Full call number | Barcode | Date last seen | Price effective from | Koha item type |
|---|---|---|---|---|---|---|---|---|---|---|---|---|---|---|---|
| Library of Congress Classification | Main Collection | ARRUPE LIBRARY | ARRUPE LIBRARY | Main Collection | 05/03/2019 | BV3747.Z3 G895 1977 | 46600004041 | 05/03/2019 | 05/03/2019 | Monograph ( Printed materials) |